000 00542nam a2200181Ia 4500
008 100921s9999 xx 000 0 und d
082 _b20297
_a891.463 थ 87
100 _aवाळिंबे शरदचंद्र.
245 _aधडक.
260 _bउदयदिप प्रकाशन,मुंबई.
_c1987
300 _a208
_b---
365 _b50
520 _aललित-कादंबरी.
630 _aधडक.
650 _aललित-कादंबरी.
730 _aधडक.
942 _cBOOK
999 _c769410
_d769407